000 01006nam a2200229 i 4500
001 60772
003 ES-MaACL
005 20231227180759.0
007 t|
008 031106s1954 sp ||||1| spa d
100 1 _aEsplá, Óscar,
_d1886-1976
_9138265
245 1 0 _aFunción musical y música contemporánea
_b: discurso del académico... don Oscar Esplá y Triay, leído en el acto de su recepción pública el día 4 de mayo de 1955 y contestación de... Don José Eugenio de Baviera y Borbón.
260 _aMadrid :
_bInstituto de España, Real Academia de Bellas Artes de San Fernando,
_c1954 (
_fImp. Rama)
300 _a49 p. ;
_c24 cm.
500 _aNota musical.
650 0 4 _aMúsica-
_xFilosofía.
_915389
700 1 _aBaviera y Borbón, José Eugenio de,
_cInfante de España,
_d1909-1966
_926635
710 2 _aInstituto de España.
_94873
710 2 _aReal Academia de Bellas Artes de San Fernando.
_96291
852 _aES-MaACL
_jF-M-III-N
_bR.37366
999 _c60772
_d60772